000 00450nam a2200181Ia 4500
008 240925s9999 xx 000 0 und d
020 _aNA
082 _a512 BAR
100 _aBarnard, S.
245 0 _aHigher Algebra
250 _aNA
260 _aNew York:
_bMacmillan Publishing
_c,1967.
300 _aVarious pages
_bNA
_fOriginal
500 _aIncludes Index
600 _aHumanities & Natural Science
650 _aMathematics
942 _cBK
999 _c3867
_d3867